[Event "Hong Kong op"]
[Site "Hong Kong"]
[Date "2023.12.27"]
[Round "6"]
[White "Yu, Peilong"]
[Black "Heng, Jr Herng Kyan"]
[Result "1/2-1/2"]
[WhiteElo "1856"]
[BlackElo "1358"]
[PlyCount "83"]
[EventDate "2023.12.24"]
[EventType "swiss"]
[EventRounds "9"]
[EventCountry "HKG"]
[SourceTitle "CB01_2024"]
[SourceDate "2024.01.03"]
[SourceVersion "1"]
[SourceVersionDate "2024.01.03"]
[SourceQuality "1"]

1. e4 c5 2. Nf3 d6 3. d4 cxd4 4. Nxd4 Nf6 5. Nc3 g6 6. Be2 Bg7 7. 0-0 0-0 8. Be3 Nc6 9. Kh1 Nxd4 10. Bxd4 Bd7 11. f4 Bc6 12. Bf3 a6 13. Qd2 Qc7 14. Qf2 b5 15. a3 Nd7 16. Bxg7 Kxg7 17. Rad1 Nb6 18. b3 Rad8 19. Ne2 d5 20. e5 e6 21. Nd4 Ba8 22. Qg3 Kh8 23. Bg4 Qe7 24. Rd3 Nd7 25. b4 Nb6 26. Qe1 Nc4 27. Rh3 Rg8 28. Rh6 Rde8 29. Rf3 Rg7 30. Rfh3 Nb6 31. Nf3 f6 32. exf6 Qxf6 33. Ng5 Ree7 34. Bxe6 Nd7 35. Rc3 Nf8 36. Rc8 Bb7 37. Rd8 Qxf4 38. h3 Qf6 39. Qg3 d4 40. Rh4 Rc7 41. Rb8 Rxc2 42. Nf3 1/2-1/2